| 000 | 00419nam a2200169Ia 4500 | ||
|---|---|---|---|
| 008 | 230718s9999 xx 000 0 und d | ||
| 041 | _aeng | ||
| 082 |
_a005.82 _bFAD |
||
| 100 |
_aFadia A. _9111736 |
||
| 245 | _aUnofficial Guide To Ethical Hacking | ||
| 250 | _a2nd ed. | ||
| 260 |
_c2006 _bMacmillan |
||
| 300 | _a589 | ||
| 365 |
_cRs. _b395.00 |
||
| 700 |
_aFadia A. _9111736 |
||
| 906 |
_d3634/16.3.06 _cCOMP _b79 |
||
| 999 |
_c312964 _d312964 |
||